000 00622cam a22002053a 4500
001 39203
003 PGUSA
005 20140828083854.0
008 120319s2012||||xxu|||||s|||||000 | eng d
040 _aPGUSA
_beng
042 _adc
100 1 _aBarrie, J. M.
_q(James Matthew),
_d1860-1937
245 1 3 _aAn Edinburgh Eleven :
_bPencil Portraits from College Life
_h[electronic resource] /
_cJ. M. Barrie
260 _bProject Gutenberg,
_c2012
506 _aPublic domain in the USA.
516 _aElectronic text
830 0 _aProject Gutenberg
_v39203
856 4 0 _uhttp://www.gutenberg.org/ebooks/39203
942 _cEB
999 _c268456
_d268456